| 000 | nam a22 7a 4500 | ||
|---|---|---|---|
| 999 |
_c29311 _d29311 |
||
| 008 | 171125b xxu||||| |||| 00| 0 eng d | ||
| 020 | _a9781441121516 | ||
| 050 | _aPE1106 .J295 2010 | ||
| 100 |
_aJackson Howard, Peter Stockwell. _d2010. |
||
| 245 |
_aAn Introduction to the Nature and Functions of Language / _cHoward Jackson, Peter Stockwell. |
||
| 250 | _a2nd ed. | ||
| 260 |
_aGreat Britain: _bContinuum, _c2010. |
||
| 300 |
_a240p. :ill. _bincludes bibliographical references and index. _c34 cm |
||
| 650 | _aEnglish Language | ||
| 942 |
_2lcc _cBOOKS _hPE 1106 .J295 2010 _01 |
||